00553nam a2200169Ia 4500003000900000008004100009040001600050080001700066100002900083245011400112260005400226300001400280650001300294650004100307650001400348650002100362IN-BaIIA211028s9999 xx 000 0 eng d cIIA Library a059(54)bSWA aSwamikannu Pillai, L. D. 3aAn Indian ephemerisbvol. I, pt. I, AD 700 to AD 1799, general principles and tablescL. D. Swamikannu Pillai aMadrasbThe Superintendent Government Pressc1922 axi, 201p. aAlmanacs aAstronomy and Astrophysics Thesaurus aEphemeris aIndian Ephemeris